L' Italie et la guerre d'apres les temoignages de ses hommes d'Etat / (Record no. 137008)
[ view plain ]
| 000 -LEADER | |
|---|---|
| campo de control de longitud fija | 01086nam a2200229 i 4500 |
| 001 - NÚMERO DE CONTROL | |
| campo de control | 137008 |
| 003 - IDENTIFICADOR DE NÚMERO DE CONTROL | |
| campo de control | ES-MaACL |
| 005 - FECHA Y HORA DE LA ÚLTIMA TRANSACCIÓN | |
| campo de control | 20230906195303.0 |
| 007 - CAMPO FIJO DE DESCRIPCIÓN FÍSICA--INFORMACIÓN GENERAL | |
| campo de control de longitud fija | t| |
| 008 - DATOS DE LONGITUD FIJA--INFORMACIÓN GENERAL | |
| campo de control de longitud fija | 070214s1916 fr r ||||1| fre d |
| 245 03 - MENCIÓN DEL TÍTULO | |
| Título | L' Italie et la guerre d'apres les temoignages de ses hommes d'Etat / |
| Mención de responsabilidad, etc. | Salandra... [et al.] ; preface de M. Henri Hauvette. |
| 260 ## - PUBLICACIÓN, DISTRIBUCIÓN, ETC. | |
| Lugar de publicación, distribución, etc. | Paris : |
| Nombre del editor, distribuidor, etc. | A. Colin, |
| Fecha de publicación, distribución, etc. | 1916. |
| 300 ## - DESCRIPCIÓN FÍSICA | |
| Extensión | XIII, 144 p. ; |
| Dimensiones | 19 x 12 cm. |
| 500 ## - NOTA GENERAL | |
| Nota general | Contiene: Notre guerre est une guerre sainte / par A. Salandra ---- Pour l'anniversaire de Solférino / par T. Tittoni ---- La victoire suivra nos drapeaux / par S. Barzilaï ---- Les caractères de notre guerre / par V. E. Orlando ---- A la Chambre des Députés italienne / par S. Sonnino ---- Aux fêtes franco-italiennes de Nice / par T. Tittoni. |
| 700 1# - ENTRADA AGREGADA--NOMBRE PERSONAL | |
| Nombre de persona | Salandra, Antonio. |
| 9 (RLIN) | 101711 |
| 700 1# - ENTRADA AGREGADA--NOMBRE PERSONAL | |
| Nombre de persona | Tittoni, Tommaso. |
| 9 (RLIN) | 110351 |
| 700 1# - ENTRADA AGREGADA--NOMBRE PERSONAL | |
| Nombre de persona | Barzilai, Salvatore. |
| 9 (RLIN) | 26221 |
| 700 0# - ENTRADA AGREGADA--NOMBRE PERSONAL | |
| Nombre de persona | Orlando, Vittorio Emanuelle. |
| 9 (RLIN) | 87283 |
| 700 1# - ENTRADA AGREGADA--NOMBRE PERSONAL | |
| Nombre de persona | Sonnino, Sidney. |
| 9 (RLIN) | 107303 |
| 700 1# - ENTRADA AGREGADA--NOMBRE PERSONAL | |
| Nombre de persona | Hauvette, Henri. |
| 9 (RLIN) | 62136 |
| 852 ## - LOCALIZACIÓN | |
| Ubicación | ES-MaACL |
| Número de control de estantería | D-4210 |
| Estatus retirado | Estado de pérdida | Estado de daño | No para préstamo | Biblioteca de origen | Biblioteca actual | Ubicación en estantería | Fecha de adquisición | Fuente de adquisición | Total de préstamos | Signatura topográfica completa | Código de barras | Visto por última vez | Precio de reemplazo | Tipo de ítem Koha |
|---|---|---|---|---|---|---|---|---|---|---|---|---|---|---|
| Biblioteca del Ateneo de Madrid | Biblioteca del Ateneo de Madrid | Sala Valle Inclán | 17/01/2008 | D-4210 | 901142580 | 23/02/2023 | 23/02/2023 | Libro impreso |
